000
00294nam a2200121Ia 4500
008
231129s1946||||xx |||||||||||||| ||spa||
082
_a
ER- 324
100
_a
González M. Luis Carlos
245
0
_a
Sibaté
260
_c
1946
264
_a
Manizales: Imprenta Oficial 1946
942
_2
ddc
_c
BKS
999
_c
24571
_d
24571